[Event "Ave-Kontakt Cup IMC"]
[Site "Olomouc CZE"]
[Date "2007.08.05"]
[Round "7"]
[White "Ni,V"]
[Black "Schneider Zinner,H"]
[Result "0-1"]
[WhiteElo "2147"]
[BlackElo "2296"]

1.d4 Nf6 2.Nf3 e6 3.c4 b6 4.Nc3 Bb4 5.Bg5 h6 6.Bh4 Bb7 7.e3 Bxc3+ 8.bxc3 d6
9.Bd3 g5 10.Bg3 Qe7 11.Qc2 Nbd7 12.e4 e5 13.O-O Nh5 14.c5 Nxg3 15.cxd6 Qxd6
16.fxg3 O-O-O 17.Bb5 f6 18.Rad1 h5 19.Kh1 Qe7 20.Rfe1 h4 21.g4 h3 22.Bxd7+ Qxd7
23.dxe5 Qxg4 24.Rxd8+ Rxd8 25.Ng1 f5 26.Nxh3 Bxe4 27.Qf2 Rd3 28.Ng1 Rxc3
29.e6 Rc6 30.h3 Qf4 31.Qxf4 gxf4 32.Ne2 Rxe6 33.Nxf4 Re8 34.h4 c5 35.h5 c4
36.Rc1 b5 37.Ng6 Kb7 38.Kh2 Kb6 39.Kg3 Kc5 40.Kf4 b4 41.h6 a5 42.h7 a4 43.h8=Q Rxh8
44.Nxh8 b3 45.axb3 axb3 46.g4 b2 47.Re1 c3 48.g5 c2 49.g6 c1=Q+  0-1

[Event "GM"]
[Site "Dubna RUS"]
[Date "2007.08.06"]
[Round "5"]
[White "Papin,V"]
[Black "Romanov,E"]
[Result "0-1"]
[WhiteElo "2415"]
[BlackElo "2521"]

1.d4 Nf6 2.Nf3 e6 3.c4 b6 4.Nc3 Bb4 5.Qc2 Bb7 6.a3 Bxc3+ 7.Qxc3 Ne4 8.Qc2 O-O
9.e3 d6 10.Be2 Nd7 11.O-O f5 12.b4 Rf6 13.d5 exd5 14.Bb2 Rg6 15.Rad1 c5 16.cxd5 Qe7
17.Ne1 Rc8 18.b5 Rh6 19.g3 Kh8 20.Ng2 Rf8 21.f3 Nef6 22.Bc4 Ne5 23.Ba2 Ne8
24.e4 fxe4 25.Qxe4 Qd7 26.Bc1 Rhf6 27.Bb1 Ng6 28.Nh4 Qxb5 29.Bg5 Nc7 30.Bxf6 Rxf6
31.Nxg6+ hxg6 32.Qe7 Nxd5 33.Qxb7 Ne3 34.Qe4 Qe2 35.Qh4+ Kg8 36.Ba2+ Qxa2
37.Rf2 Qc4 38.Qxc4+ Nxc4 39.a4 a6 40.f4 b5 41.axb5 axb5 42.Rb1 b4 43.Re2 Rf8
44.Rc1 d5 45.Re7 Rb8 46.Rc7 b3 47.Rxc5 b2 48.Rb1 Nd2 49.Rxb2 Rxb2 50.Rxd5 Nf3+
51.Kf1 Nxh2+ 52.Kg1 Nf3+ 53.Kf1 Rd2 54.Ra5 Kf7 55.Ra3 Nd4 56.Ra6 Nf5 57.Ra3 g5
58.g4 Nd6 59.fxg5 Kg6 60.Ra5 Ne4 61.Kg1 Nxg5 62.Kf1 Rd4 63.Ra6+ Kh7  0-1

[Event "XVIII Kochan Mem"]
[Site "Koszalin POL"]
[Date "2007.08.07"]
[Round "3"]
[White "Malaniuk,V"]
[Black "Ovsejevitsch,S"]
[Result "1/2-1/2"]
[WhiteElo "2522"]
[BlackElo "2568"]

1.d4 Nf6 2.Nf3 e6 3.c4 b6 4.Nc3 Bb7 5.a3 g6 6.Qc2 Bg7 7.e4 O-O 8.Bd3 d6 9.O-O Nbd7
10.Bg5 h6 11.Bd2 a6 12.h3 c5 13.d5 exd5 14.exd5 b5 15.b3  1/2-1/2

[Event "6th Int Open"]
[Site "Davos SUI"]
[Date "2007.08.08"]
[Round "3"]
[White "Erdos,V"]
[Black "Bojkovic,N"]
[Result "1-0"]
[WhiteElo "2523"]
[BlackElo "2423"]

1.d4 Nf6 2.c4 e6 3.Nf3 b6 4.Nc3 Bb7 5.a3 d5 6.cxd5 Nxd5 7.Qc2 c5 8.e4 Nxc3
9.bxc3 Nd7 10.Bf4 Be7 11.Bd3 Qc8 12.Qb1 O-O 13.O-O Rd8 14.Re1 Nf8 15.Qb2 Ng6
16.Bg3 Bd6 17.Rad1 Bf4 18.h4 Bd6 19.h5 Nf8 20.Bh4 Re8 21.h6 gxh6 22.Qd2 Kg7
23.e5 Be7 24.Bxe7 Rxe7 25.Nh2 Ng6 26.Ng4 Kh8 27.Qxh6 Qg8 28.Qg5 Qg7 29.Re3 Rg8
30.Rg3 Rc7 31.Nf6 Rcc8 32.Nh5 h6 33.Qe3 cxd4 34.cxd4 Qf8 35.Nf6 Kg7 36.Qe2 Rh8
37.Qh5  1-0

[Event "Tsiolkovsky Mem"]
[Site "Kaluga RUS"]
[Date "2007.08.08"]
[Round "6"]
[White "Korobkov,P"]
[Black "Tarasov,I"]
[Result "1-0"]
[WhiteElo "2423"]
[BlackElo "2337"]

1.d4 Nf6 2.Nf3 e6 3.c4 b6 4.Nc3 Bb4 5.Bg5 h6 6.Bh4 Bxc3+ 7.bxc3 d6 8.e3 Qe7
9.Bd3 Bb7 10.O-O Nbd7 11.Nd2 e5 12.e4 Nf8 13.c5 Ng6 14.cxd6 cxd6 15.Bb5+ Kf8
16.Bg3 Kg8 17.Bd3 h5 18.f4 h4 19.fxe5 hxg3 20.exf6 gxh2+ 21.Kh1 gxf6 22.Qf3 Kg7
23.Nc4 Rae8 24.Qg3 Rd8 25.Ne3 Kf8 26.Rae1 Rh5 27.Nd5 Rg5 28.Qh3 Bxd5 29.Qh6+ Kg8
30.exd5 Qf8 31.Qxf8+ Kxf8 32.Rxf6 Kg7 33.Ref1 Nh8 34.c4 Re8 35.Rxd6 Rg4 36.c5 Rxd4
37.Bb5 Ra8 38.c6 a6 39.Be2 Ng6 40.c7 Ne7 41.Rd8 Nc8 42.Bf3  1-0

[Event "Open"]
[Site "Kavala GRE"]
[Date "2007.08.08"]
[Round "5"]
[White "Gelashvili,T"]
[Black "Maric,A"]
[Result "1-0"]
[WhiteElo "2604"]
[BlackElo "2398"]

1.d4 Nf6 2.c4 e6 3.Nf3 b6 4.Nc3 Bb7 5.Bg5 Be7 6.e3 h6 7.Bh4 Ne4 8.Nxe4 Bxe4
9.Bg3 O-O 10.Bd3 Bxd3 11.Qxd3 d6 12.O-O Nd7 13.Rfd1 Qc8 14.Rac1 a5 15.Bh4 Qd8
16.Bxe7 Qxe7 17.Qe4 Nf6 18.Qh4 Rad8 19.g4 Rfe8 20.g5 Nh7 21.gxh6 Qxh4 22.Nxh4 gxh6
23.Kf1 Kf8 24.Ng2 Ke7 25.Nf4 Nf6 26.Ke2 Rg8 27.Rd3 Rb8 28.b3 c5 29.Rcd1 Rbd8
30.Kf3 Nd7 31.R3d2 Rg7 32.Nh5 Rgg8 33.Ng3 Nf6 34.d5 Rg5 35.Ke2 h5 36.f4 Rg7
37.Kf3 h4 38.Ne2 exd5 39.Nc3 dxc4 40.bxc4 Rdg8 41.Rxd6 Rg2 42.Ne4 Nxe4 43.Kxe4 R8g6
44.Rd7+ Kf6 45.h3 Rxa2 46.Rb7 Kg7 47.f5 Rg3 48.Rdd7 Ra3 49.Rxf7+ Kg8 50.Rfc7 Raxe3+
51.Kd5 Re8 52.Rxb6 Rxh3 53.Rg6+ Kf8 54.Rh6 Rg3 55.Rh8+ Rg8 56.Rxh4 Ra8 57.Rhh7 Rg5
58.Ke6 Kg8 59.Ra7 Rb8 60.Rhc7 Rg1 61.Rxa5 Re1+ 62.Kd6 Rf8 63.Raxc5 Rf6+ 64.Kd7 Rf7+
65.Kc8 Rf8+ 66.Kb7 Rb1+ 67.Rb5 Rf1 68.Rc8 Rxc8 69.Kxc8 Rf4 70.c5 Rxf5 71.Kb7 Kf7
72.Kb6 Ke7 73.c6 Rf1 74.Rd5 Rb1+ 75.Kc7 Rc1 76.Re5+ Kf6 77.Re2 Rh1 78.Kb7 Rb1+
79.Kc8 Rc1 80.c7 Rc3 81.Rb2  1-0

[Event "Open"]
[Site "Callao PER"]
[Date "2007.08.12"]
[Round "7"]
[White "Neyra,M"]
[Black "Caldas,W"]
[Result "1-0"]
[WhiteElo "2142"]
[BlackElo "2119"]

1.d4 Nf6 2.c4 e6 3.Nf3 b6 4.Nc3 Bb4 5.Bg5 Bb7 6.e3 h6 7.Bh4 d6 8.Qa4+ Nc6
9.d5 Bxc3+ 10.bxc3 g5 11.dxc6 Bc8 12.Bg3 Ne4 13.Qc2 f5 14.Bd3 Nc5 15.h4 g4
16.Nd4 O-O 17.h5 Nxd3+ 18.Qxd3 e5 19.Nb5 Be6 20.Bh4 Qc8 21.f3 a6 22.Na3 Qe8
23.fxg4 Qxc6 24.O-O Qc5 25.gxf5 Bf7 26.Rf3 Qxa3 27.Rg3+ Kh7 28.f6+ Kh8 29.Rg7 Bg8
30.Qg6  1-0

[Event "Romanian Open"]
[Site "Predeal ROM"]
[Date "2007.08.15"]
[Round "6"]
[White "Istratescu,A"]
[Black "Filip,L"]
[Result "1-0"]
[WhiteElo "2629"]
[BlackElo "2400"]

1.d4 Nf6 2.c4 e6 3.Nf3 b6 4.Nc3 Bb7 5.Bg5 h6 6.Bh4 Be7 7.e3 c5 8.Be2 O-O
9.O-O cxd4 10.Nxd4 a6 11.Bf3 Ra7 12.Bg3 d6 13.a4 Qc8 14.Bxb7 Rxb7 15.Qf3 Rd8
16.Ne4 Nxe4 17.Qxe4 Rc7 18.b3 Nc6 19.Qd3 Rcd7 20.Rac1 Qb7 21.h3 Bf8 22.Rfd1 Nb4
23.Qe2 Rc8 24.e4 Nc6 25.Nf3 Rcd8 26.Bf4 Qc7 27.Be3 Qb7 28.Nd4 Ne7 29.f3 Ng6
30.Qf2 Be7 31.b4 Rc8 32.Qe2 Rdc7 33.Rc2 Bf6 34.Nb3 Be7 35.Rdc1 Ne5 36.Nd4 Bf6
37.b5 a5 38.Kh1 Kh8 39.f4 Nd7 40.Nc6 Nb8 41.e5 dxe5 42.fxe5 Bd8 43.c5 Nxc6
44.cxb6 Nd4 45.Bxd4 Rxc2 46.Rxc2 Rxc2 47.Qxc2 Bxb6 48.Qc6 Qxc6 49.bxc6 Bc7
50.Bc5 Bxe5 51.Bb6  1-0

[Event "X Open"]
[Site "Banyoles ESP"]
[Date "2007.08.16"]
[Round "1"]
[White "Erlandsen,C"]
[Black "Fluvia Poyatos,J"]
[Result "0-1"]
[WhiteElo "2116"]
[BlackElo "2480"]

1.d4 Nf6 2.c4 e6 3.Nf3 b6 4.Nc3 Bb7 5.a3 Be7 6.Bg5 O-O 7.e3 h6 8.Bxf6 Bxf6
9.Bd3 c5 10.d5 Bxc3+ 11.bxc3 exd5 12.cxd5 Bxd5 13.Bh7+ Kxh7 14.Qxd5 Nc6 15.O-O Qc7
16.Rad1 Rad8 17.Rd2 d6 18.Rfd1 Kg8 19.c4 Rfe8 20.Kf1 Re6 21.g4 Rde8 22.h4 Ne7
23.Qh5 Qc6 24.g5 g6 25.Qg4 h5 26.Qf4 Nf5 27.Rd5 Re4 28.Rxf5 Rxf4 29.Rxf4 Re6
30.Rd3 Qa4 31.Ke2 b5 32.Nd2 a5 33.cxb5 Qxf4  0-1

[Event "ch-Euro IBCA"]
[Site "Durham ENG"]
[Date "2007.08.16"]
[Round "3"]
[White "Lilley,G"]
[Black "Berggren,M"]
[Result "0-1"]
[WhiteElo "2155"]
[BlackElo "1738"]

1.Nf3 e6 2.c4 Nf6 3.d4 b6 4.Nc3 Bb4 5.Bd2 O-O 6.e3 Bb7 7.Be2 d6 8.O-O Nbd7
9.a3 Bxc3 10.Bxc3 Qe7 11.b4 Ne4 12.Bb2 c5 13.Qb3 Ndf6 14.Rad1 Rfd8 15.Ne1 d5
16.dxc5 bxc5 17.f3 Nd6 18.bxc5 Nf5 19.Bxf6 gxf6 20.Nc2 Rdb8 21.Qc3 Rc8 22.Nd4 Rxc5
23.Nb3 Rc7 24.c5 Bc6 25.Rfe1 Ba4 26.e4 Bxb3 27.Qxb3 Qxc5+ 28.Kh1 Ne3 29.Rd3 d4
30.Qb2 e5 31.Rb3 Qc2 32.Rb8+ Rxb8 33.Qxb8+ Kg7 34.Ba6 Qxg2+  0-1

[Event "ch-Euro IBCA"]
[Site "Durham ENG"]
[Date "2007.08.17"]
[Round "4"]
[White "Grigorchuk,S"]
[Black "Crouch,C"]
[Result "1/2-1/2"]
[WhiteElo "2235"]
[BlackElo "2370"]

1.d4 Nf6 2.c4 e6 3.Nf3 b6 4.Nc3 Bb7 5.a3 Ne4 6.Nxe4 Bxe4 7.Nd2 Bb7 8.e4 Qf6
9.d5 Bc5 10.Qf3 Qxf3 11.Nxf3 f5 12.Bd3 fxe4 13.Bxe4 b5 14.b3 bxc4 15.bxc4 Na6
16.O-O O-O-O 17.Bb2 Bb6 18.Ng5 Nc5 19.Bf3 Na4 20.Bc1 exd5 21.Bxd5 Bxd5 22.cxd5 Rde8
23.d6 Rhf8 24.Be3 Rxe3 25.fxe3 Bxe3+ 26.Kh1 Rxf1+ 27.Rxf1 Bxg5 28.Rf8+ Bd8
29.Rg8 g5 30.dxc7 Kxc7 31.Rh8 Nb6 32.Rxh7 a5 33.g3 Kd6 34.h4 gxh4 35.gxh4 Ke6
36.Rh8 Bf6 37.Rb8 Nc4 38.h5 Bg7 39.a4 Kf7 40.Rc8 Ne5 41.Rc5 Nc6 42.Kg2 Bf8
43.Rf5+ Kg8 44.Rd5 d6 45.Kf3  1/2-1/2

[Event "New England Masters"]
[Site "Peabody USA"]
[Date "2007.08.17"]
[Round "9"]
[White "Burnett,R"]
[Black "Critelli,J"]
[Result "1/2-1/2"]
[WhiteElo "2373"]
[BlackElo "2262"]

1.Nf3 Nf6 2.d4 e6 3.c4 b6 4.Nc3 Bb4 5.Bg5 Bb7 6.Qc2 O-O 7.Nd2 c5 8.a3 Bxc3
9.bxc3 Qe7 10.e3 cxd4 11.cxd4 e5 12.Qf5 exd4 13.Bd3 Re8 14.O-O dxe3 15.Bxf6 Qxf6
16.Qxh7+ Kf8 17.fxe3 Qh6 18.Qf5 Qxe3+ 19.Rf2 Re7 20.Rf1 Ke8 21.Kh1 Kd8 22.Re2 Qc5
23.Qxc5 bxc5 24.Nb3 Bc6 25.Nxc5 Rxe2 26.Bxe2 Ke7 27.Bd3 f6 28.Rd1 a5 29.Bf5 Ra7
30.Kg1 Na6  1/2-1/2

[Event "17th Chess Festival"]
[Site "Abu Dhabi UAE"]
[Date "2007.08.18"]
[Round "7"]
[White "Sturua,Z"]
[Black "Durarbeyli,V"]
[Result "0-1"]
[WhiteElo "2517"]
[BlackElo "2416"]

1.d4 Nf6 2.c4 e6 3.Nf3 b6 4.Nc3 Bb7 5.a3 d5 6.cxd5 Nxd5 7.Qc2 Be7 8.e4 Nxc3
9.bxc3 O-O 10.Bd3 c5 11.O-O Qc7 12.Qe2 Nd7 13.Bb2 Rfd8 14.Rad1 Rac8 15.Nd2 Qf4
16.e5 Nf8 17.Ne4 Ng6 18.g3 Qh6 19.h4 c4 20.Bc2 f5 21.Bc1 f4 22.Qg4 Rf8 23.h5 Nh8
24.Bxf4 Rxf4 25.gxf4 Nf7 26.Ng3 Kh8 27.Rfe1 Rf8 28.Be4 Bc8 29.Re3 b5 30.Rf3 a6
31.Ra1 Rd8 32.Ne2 a5 33.Rh3 Bd7 34.Bg6 Rf8 35.Bc2 Bc6 36.Kh2 Bd5 37.f3 b4
38.axb4 axb4 39.cxb4 Bxb4 40.Be4 Bd2 41.Ra6 Bxe4 42.fxe4 Nd8 43.Rf3 g6 44.d5 gxh5
45.Qh4 Qg6 46.f5 Qg7 47.Qg3 Qb7 48.fxe6 Rg8 49.Qxg8+ Kxg8 50.Ra2 Bg5 51.Nd4 h6
52.Rg2 c3 53.Rxc3 Qb4 54.Rd3 Kh7 55.d6 Bf4+ 56.Kh3 Qe1 57.Rdg3 Qh1+ 58.Rh2 Qf1+
59.Rhg2 Bxg3 60.Kxg3 h4+ 61.Kh2 Qf4+ 62.Kh3 Qe3+ 63.Kxh4 Qxe4+ 64.Kh3 Qxe5
65.Re2 Qxd4 66.e7 Qd3+ 67.Kh4 Qc4+ 68.Kg3 Qg8+ 69.Kh2 Ne6 70.Re4 Qf7 71.Kg3 Qg6+
72.Kf2 Qxe4  0-1

[Event "Acropolis Open"]
[Site "Athens GRE"]
[Date "2007.08.19"]
[Round "6"]
[White "Halkias,S"]
[Black "Managadze,N"]
[Result "1-0"]
[WhiteElo "2580"]
[BlackElo "2433"]

1.d4 Nf6 2.Nf3 e6 3.c4 b6 4.Nc3 Bb7 5.Bg5 Be7 6.Qc2 c5 7.e4 cxd4 8.Nxd4 d6
9.Rd1 a6 10.e5 Nfd7 11.Bxe7 Qxe7 12.exd6 Qxd6 13.Be2 Qe7 14.O-O O-O 15.Qd2 Nf6
16.Qe3 Re8 17.Rfe1 Nbd7 18.Bf1 g6 19.Qg3 Qc5 20.Nb3 Qc8 21.Rd6 Rb8 22.Red1 Ba8
23.h3 Nc5 24.Qf4 Nh5 25.Qe3 Ng7 26.Qe5 Nf5 27.R6d2 Nxb3 28.axb3 Qc5 29.Qf6 Qe7
30.Qxe7 Nxe7 31.b4 Nc6 32.b5 axb5 33.cxb5 Nb4 34.Bc4 Rbc8 35.b3 Bd5 36.Nxd5 exd5
37.Bxd5 Nxd5 38.Rxd5 Rc3 39.Rd8 Rxd8 40.Rxd8+ Kg7 41.Rd6 Rxb3 42.Rxb6 h5
43.h4 Rb4 44.g3 Rb1+ 45.Kg2 Rb3 46.Kf1 Rb2 47.Ke1 Kf8 48.Rb7 Kg7 49.Kf1 Kf6
50.Kg2 Rb3 51.b6 Ke6 52.Kf1 Rb2 53.Ke1 Kf6 54.f3 Ke6 55.Kd1 Kd5 56.Kc1 Rb5
57.Kd2 f6 58.Rb8 Ke6 59.Kc3 Kf5 60.Kc4 Rb1 61.Kc5 Rc1+ 62.Kd6 Rd1+ 63.Ke7 Rb1
64.Rc8 g5 65.Rc5+ Kg6 66.Rc6 gxh4 67.gxh4 Rb4 68.Rxf6+ Kg7 69.Rd6 Rxh4 70.Kd7 Rb4
71.Kc7 Rc4+ 72.Rc6 Rf4 73.b7 Rf7+ 74.Kb6  1-0

[Event "20th Open"]
[Site "Panevezys LTU"]
[Date "2007.08.22"]
[Round "6"]
[White "Meskovs,N"]
[Black "Narmontas,T"]
[Result "1/2-1/2"]
[WhiteElo "2036"]
[BlackElo "2227"]

1.d4 Nf6 2.c4 e6 3.Nc3 b6 4.Nf3 Bb7 5.g3 Be7 6.Bg2 O-O 7.O-O Ne4 8.Qc2 Nxc3
9.bxc3 f5 10.Nd2 Bxg2 11.Kxg2 Qe8 12.e4 f4 13.e5 Qh5 14.Qe4 Nc6 15.Nf3 fxg3
16.fxg3 Na5 17.Qd3 Rf7 18.Be3 Raf8 19.Nd2 Bg5 20.Bxg5 Qxg5 21.Rxf7 Rxf7 22.Nb3 Nc6
23.Rf1 Rxf1 24.Kxf1 h5 25.h4 Qg4 26.Kf2 Ne7 27.Nc1 Nf5 28.Ne2 g5 29.hxg5 h4
30.Qf3 Qxg5 31.gxh4 Qxh4+ 32.Kf1 c5 33.Nf4 cxd4 34.cxd4 Nxd4 35.Qg2+ Kf7
36.Qg6+ Kf8 37.Qe4 Qh2 38.Qxd4 Qxa2 39.Nd3 Ke8 40.Nf2 b5 41.Ne4 Kd8 42.c5 Qd5
43.Qxd5 exd5 44.Nc3 Kc7 45.Nxb5+  1/2-1/2

[Event "Epetium Open"]
[Site "Stobrec CRO"]
[Date "2007.08.23"]
[Round "5"]
[White "Zaja,S"]
[Black "Klaric,A1"]
[Result "0-1"]
[WhiteElo "1757"]
[BlackElo "1874"]

1.c4 Nf6 2.d4 e6 3.Nf3 b6 4.Nc3 Bb4 5.Bg5 Bxc3+ 6.bxc3 Bb7 7.e3 d6 8.Bd3 Nbd7
9.Qc2 h6 10.Bh4 O-O 11.e4 e5 12.O-O Re8 13.Rae1 Re6 14.d5 Re8 15.Nd2 Qe7
16.Qd1 Nf8 17.f4 exf4 18.Bxf6 Qxf6 19.e5 dxe5 20.Ne4 Qe7 21.Qh5 Bc8 22.g4 Qd7
23.h3 f5 24.gxf5 Qf7 25.Nf6+ gxf6 26.Qxh6 Qg7+ 27.Qxg7+ Kxg7 28.Kf2 Nd7 29.Rg1+ Kf7
30.Rg6 Rg8 31.Reg1 Rxg6 32.fxg6+ Kg7 33.h4 Nc5 34.Bc2 Ba6 35.h5 Rh8 36.Bd1 Bxc4
37.Bg4 Bxd5 38.Rd1 Be6 39.Bxe6 Nxe6 40.Rd7+ Kh6 41.Re7 Kxh5 42.Rh7+ Kxg6
43.Rxh8 a5 44.Kf3 Kf5 45.Rh5+ Ng5+ 46.Ke2 e4 47.Rh8 Ke5 48.Rd8 Ne6 49.Rd7 f5
50.a4 f3+ 51.Ke3 f4+ 52.Kf2 Nc5 53.Rf7 c6 54.Re7+ Kd5 55.Rf7 Nxa4 56.Rxf4 Nxc3
57.Ke3 Kc4  0-1

[Event "Open A"]
[Site "Polanica Zdroj POL"]
[Date "2007.08.25"]
[Round "9"]
[White "Przezdziecka,M"]
[Black "Panas,P"]
[Result "1/2-1/2"]
[WhiteElo "2315"]
[BlackElo "2226"]

1.d4 Nf6 2.Nf3 e6 3.c4 b6 4.Nc3 Bb4 5.Bg5 h6 6.Bh4 Bxc3+ 7.bxc3 Bb7 8.e3 d6
9.a4 a5 10.Nd2 Nbd7 11.Qc2 Qe7 12.Bxf6 Nxf6 13.Bd3 e5 14.O-O O-O 15.Nb1 Rad8
16.Na3 Nd7 17.Nb5 Qg5 18.e4 Rc8 19.Na7 Ra8 20.Nb5 Rac8 21.Rae1 f5 22.f4 exf4
23.exf5 Nf6 24.Qd2 Nh5 25.d5 Qh4 26.Qf2 Qxf2+ 27.Rxf2 Rce8 28.Rfe2 Rxe2 29.Bxe2 Nf6
30.Nxc7 Ne4 31.Nb5 Ba6 32.Bd3 Bxb5 33.Rxe4 Bd7 34.Rxf4 g5 35.Rd4 Bxf5 36.Bxf5 Rxf5
37.Re4 Kf7 38.h3 h5 39.Kh2 h4 40.Kg1 Rf6 41.Re2 Rf4 42.Rf2 Rxf2 43.Kxf2 Kf6
44.g3 hxg3+ 45.Kxg3 Kf5 46.Kf3 Kf6 47.Kg4 Kg6 48.Kf3 Kf6 49.Kf2 Ke5 50.Kg3 Kf5
51.Kg2 Ke4 52.Kg3 Kf5 53.Kf3 Kf6 54.Kg4 Kg6 55.h4 gxh4 56.Kxh4 Kh6 57.Kg4 Kg6
58.Kf4 Kf6 59.Ke4 Kg6 60.Kd4 Kf5 61.Kd3 Kf4 62.Kd2 Ke4 63.Ke2 Kf4 64.Kd3 Ke5
65.Ke3 Kf5 66.Kf3 Kg5 67.Kg3 Kf5 68.Kh4 Kf4 69.Kh5 Kf5 70.Kh6 Kf6 71.Kh7 Kf7  1/2-1/2

[Event "60th ch-RUS Higher League"]
[Site "Krasnoyarsk RUS"]
[Date "2007.09.05"]
[Round "3"]
[White "Zakhartsov,V"]
[Black "Sidorov,A"]
[Result "1-0"]
[WhiteElo "2559"]
[BlackElo "2438"]

1.d4 Nf6 2.c4 e6 3.Nf3 b6 4.Nc3 Bb4 5.Qc2 Bb7 6.a3 Bxc3+ 7.Qxc3 d6 8.e3 O-O
9.Be2 Re8 10.O-O Nbd7 11.b4 Qe7 12.Bb2 e5 13.Rfd1 a5 14.Qb3 Qe6 15.Qc2 h6
16.d5 Qe7 17.Nd2 Rec8 18.e4 c6 19.dxc6 Bxc6 20.Qd3 Nf8 21.g3 Ne6 22.f3 Ba4
23.Rdc1 Bc6 24.Nf1 Nh5 25.Qd2 Rd8 26.Bc3 Kh7 27.Ne3 axb4 28.axb4 Nc7 29.Nf5 Qf8
30.Qe3 Rdb8 31.Rxa8 Bxa8 32.Rd1 Ne8 33.Qd2 Nhf6 34.Nxd6 Qe7 35.Nxe8 Rxe8
36.Qd6  1-0

[Event "3rd Geller mem Open A"]
[Site "Odessa UKR"]
[Date "2007.09.09"]
[Round "2"]
[White "Lomakin,V"]
[Black "Zdebskaja,N"]
[Result "0-1"]
[WhiteElo "2086"]
[BlackElo "2303"]

1.d4 Nf6 2.c4 e6 3.Nf3 b6 4.Nc3 Bb7 5.Bg5 Be7 6.e3 c5 7.Bxf6 Bxf6 8.d5 exd5
9.cxd5 O-O 10.Be2 Re8 11.O-O d6 12.Qb3 Na6 13.Rad1 Nc7 14.Rfe1 Qd7 15.Nb5 a6
16.Nxc7 Qxc7 17.Qc2 b5 18.e4 Qa5 19.a3 c4 20.Bf1 Rac8 21.Re3 Qb6 22.g3 a5
23.Bh3 Rcd8 24.Nd2 Qc5 25.Bf5 g6 26.Bh3 Bd4 27.Rf3 Re5 28.Rc1 Rde8 29.g4 h5
30.Rf4 Be3 31.Rf3 Bxd2 32.Qxd2 hxg4 33.Bxg4 Rxe4 34.Be6 R4xe6 35.Rd1 Re5  0-1

[Event "3rd Geller mem Open A"]
[Site "Odessa UKR"]
[Date "2007.09.14"]
[Round "7"]
[White "Malaniuk,V"]
[Black "Pavlov,S2"]
[Result "1/2-1/2"]
[WhiteElo "2522"]
[BlackElo "2415"]

1.d4 Nf6 2.Nf3 e6 3.c4 b6 4.Nc3 Bb7 5.Bg5 Be7 6.e3 O-O 7.Bd3 c5 8.O-O cxd4
9.Nxd4 a6 10.Rc1 d6 11.Bxf6 Bxf6 12.Be4 Ra7 13.b3 Bxe4 14.Nxe4 Be7 15.Rc2 Rc7
16.Rd2 Nc6 17.Nf3  1/2-1/2

[Event "17th Senior WCh"]
[Site "Gmunden AUT"]
[Date "2007.09.19"]
[Round "3"]
[White "Spassov,L"]
[Black "Hohler,P"]
[Result "1-0"]
[WhiteElo "2383"]
[BlackElo "2164"]

1.d4 Nf6 2.c4 e6 3.Nf3 b6 4.Nc3 Bb7 5.a3 d5 6.Bg5 Be7 7.Bxf6 Bxf6 8.cxd5 exd5
9.Qb3 O-O 10.Rd1 Re8 11.e3 c6 12.Bd3 Nd7 13.O-O Nf8 14.Rfe1 Ne6 15.Bb1 g6
16.Ba2 Qc7 17.Qc2 Rad8 18.b4 Bg7 19.Rc1 Qd6 20.Red1 Rc8 21.Qb3 Red8 22.b5 c5
23.dxc5 Nxc5 24.Qb4 a5 25.bxa6 Nxa6 26.Qxd6 Rxd6 27.Nb5 Rxc1 28.Rxc1 Rc6
29.Rxc6 Bxc6 30.Nfd4 Bb7 31.Nd6 Bxd4 32.exd4 Ba8 33.Nc8 b5 34.Ne7+ Kf8 35.Nxd5 h6
36.f3 Bxd5 37.Bxd5 Nc7 38.Bb3 Ne6 39.Bxe6 fxe6 40.Kf2 Ke7 41.Ke3 Kd6 42.Ke4 g5
43.g4  1-0

[Event "17th ch-EU U18 Boys"]
[Site "Sibenik CRO"]
[Date "2007.09.20"]
[Round "7"]
[White "Filip,Ma"]
[Black "Dinger,F"]
[Result "0-1"]
[WhiteElo "2050"]
[BlackElo "2332"]

1.d4 Nf6 2.c4 e6 3.Nf3 b6 4.Nc3 Bb7 5.Bg5 h6 6.Bh4 d6 7.d5 e5 8.Bxf6 Qxf6
9.e4 Nd7 10.Qc2 h5 11.h4 g6 12.O-O-O Bh6+ 13.Kb1 a6 14.Ne1 Ke7 15.g3 Raf8
16.Bh3 Kd8 17.b4 Qe7 18.Na4 Bc8 19.Ng2 f5 20.Ne3 f4 21.Nf1 fxg3 22.fxg3 Rf6
23.Rd3 Rhf8 24.Rc3 Nb8 25.Ne3 Bxh3 26.Rxh3 Rf3 27.Nd1 Qd7 28.Rh2 Qg4 29.Rg2 Rf1
30.Nb2 Re1 31.c5 bxc5 32.bxc5 Rff1 33.cxd6 cxd6 34.Rf2 Rxd1+ 35.Nxd1 Qxd1+
36.Qxd1 Rxd1+ 37.Kb2 Rd2+ 38.Rxd2 Bxd2 39.Rc2 Be1 40.Rg2 Nd7 41.g4 Nf6 42.gxh5 gxh5
43.Rh2 Nxe4 44.Re2 Nc5 45.Kc2 Bxh4 46.Rh2 Bg3 47.Rxh5 Kc7 48.Rh7+ Kb6 49.Rg7 Bf4
50.Rg6 e4 51.Kc3 Kb5  0-1

[Event "17th Senior WCh"]
[Site "Gmunden AUT"]
[Date "2007.09.23"]
[Round "6"]
[White "Busu,C"]
[Black "Gaspariants,G"]
[Result "1/2-1/2"]
[WhiteElo "2381"]
[BlackElo "2241"]

1.d4 Nf6 2.c4 e6 3.Nf3 b6 4.Nc3 Bb4 5.Bg5 h6 6.Bh4 Ba6 7.e3 c5 8.a3 Bxc3+
9.bxc3 d6 10.Bd3 Qd7 11.e4 Nc6 12.Bg3 Nh5 13.d5 Na5 14.Nd2 Nxg3 15.hxg3 O-O-O
16.a4 exd5 17.exd5 Rhe8+ 18.Kf1 Re5 19.Qc2 Kc7 20.Rh4 Rde8 21.Rf4 g5 22.Rf3 Qe7
23.Qd1 Bc8 24.Qb1 Bg4 25.Bf5 Bxf3 26.gxf3 Qf6 27.g4 R8e7 28.Qd3 h5 29.Ne4 Rxe4
30.fxe4 hxg4 31.Re1 Qh8 32.Kg1 Re8 33.Bxg4 Qe5 34.Re3 Qf4 35.Bh3 g4 36.Bg2 Re5
37.Qe2 f5 38.exf5 Nxc4 39.Re4 Rxe4 40.Qxe4 Qxe4 41.Bxe4 Nd2 42.f6 Kd8 43.Bg6 Nf3+
44.Kf1 Ne5  1/2-1/2

[Event "17th Senior WCh"]
[Site "Gmunden AUT"]
[Date "2007.09.23"]
[Round "6"]
[White "Chernikov,O1"]
[Black "Farago,I"]
[Result "1/2-1/2"]
[WhiteElo "2405"]
[BlackElo "2501"]

1.d4 e6 2.c4 Nf6 3.Nf3 b6 4.Nc3 Bb4 5.Bd2 Bb7 6.e3 O-O 7.Bd3 d5 8.cxd5 exd5
9.Rc1 a6 10.O-O Bd6 11.Ne5 c5 12.f4 Nc6 13.Ne2 Ne7 14.Ng3 Ne4 15.Bc3 Rc8
16.Qe2  1/2-1/2

[Event "17th Senior WCh"]
[Site "Gmunden AUT"]
[Date "2007.09.23"]
[Round "6"]
[White "Jakobsen,O"]
[Black "Titz,Hei"]
[Result "1-0"]
[WhiteElo "2383"]
[BlackElo "2236"]

1.d4 Nf6 2.c4 e6 3.Nf3 b6 4.Nc3 Bb7 5.a3 Be7 6.d5 O-O 7.e4 exd5 8.cxd5 Re8
9.Bd3 c6 10.O-O a5 11.Bf4 cxd5 12.exd5 Na6 13.Bc2 Nh5 14.Be3 g6 15.Qd2 Nc5
16.Rab1 Na6 17.Rfe1 Rc8 18.Nd4 Nf6 19.Bb3 Nc5 20.Ba2 Nfe4 21.Nxe4 Nxe4 22.Qd1 Bf6
23.f3 Nc5 24.b4 axb4 25.axb4 Na6 26.Nb5 d6 27.Qd2 Qd7 28.Qd3 Nc7 29.Nxc7 Qxc7
30.Rec1 Qd8 31.Bc4 Re5 32.f4 Re7 33.Qd2 Rb8 34.Re1 Bc8 35.Bb5 Bf5 36.Rbc1 Bd7
37.Bc6 Bf5 38.Bd4 Re4 39.Rxe4 Bxe4 40.Re1 Bxd4+ 41.Qxd4 f5 42.Ra1 Qh4 43.Bd7 Kf8
44.Be6  1-0

[Event "Open"]
[Site "Nelson NZL"]
[Date "2007.10.05"]
[Round "5"]
[White "Johnson,Q"]
[Black "Milligan,H"]
[Result "1-0"]
[WhiteElo "2145"]
[BlackElo "2009"]

1.d4 Nf6 2.c4 e6 3.Nf3 b6 4.Nc3 Bb4 5.Qb3 Qe7 6.a3 Bxc3+ 7.Qxc3 Bb7 8.Bg5 h6
9.Bh4 d6 10.e3 Nbd7 11.Bd3 g5 12.Bg3 Ne4 13.Qc2 f5 14.O-O-O O-O-O 15.Ne1 Kb8
16.f3 Nxg3 17.hxg3 Rdf8 18.Be2 e5 19.d5 c6 20.dxc6 Bxc6 21.Nd3 Nc5 22.Nb4 Bb7
23.Nd5 Bxd5 24.Rxd5 f4 25.Rhd1 Ne6 26.Rxd6 Nd4 27.Rxb6+ axb6 28.exd4 exd4
29.Bd3 Rc8 30.gxf4 gxf4 31.Bf5 Qe3+ 32.Kb1 Rc5 33.Be4 Re8 34.Qa4 Rxe4 35.fxe4 Qxe4+
36.Qc2 Qxc2+ 37.Kxc2 Rxc4+ 38.Kd3 Rc6 39.Rd2 Rf6 40.Ke4 Kc7 41.Rxd4 Rg6 42.Rd2 Rg4
43.Kf3 h5 44.Rd5 Rg3+ 45.Kf2 Rb3 46.Rxh5 Rxb2+ 47.Kf3 Rb3+ 48.Kxf4 Rxa3 49.g4 Ra1
50.g5 Rg1 51.Kf5 Rf1+ 52.Ke5 Re1+ 53.Kf6 Kd6 54.g6 Rf1+ 55.Kg7 Ke6 56.Rb5 Rg1
57.Rxb6+ Ke7 58.Kg8 Rg2 59.g7 Rh2 60.Rb1 Ke8 61.Re1+ Kd7 62.Re4 Kd8 63.Kf7 Rf2+
64.Ke6 Rg2 65.Kf6 Rf2+ 66.Kg5 Rg2+ 67.Rg4  1-0

[Event "IV Amateur Open"]
[Site "Calvia ESP"]
[Date "2007.10.10"]
[Round "5"]
[White "Mandic,Mile"]
[Black "Munoz Orts,G"]
[Result "0-1"]
[WhiteElo "2064"]
[BlackElo "2166"]

1.d4 Nf6 2.c4 e6 3.Nf3 b6 4.Nc3 Bb7 5.Bf4 Bb4 6.Qb3 Bxc3+ 7.Qxc3 Ne4 8.Qc2 f5
9.e3 O-O 10.h4 d6 11.Bd3 Nd7 12.Ng5 Qe8 13.Bxe4 fxe4 14.Nxe4 Qg6 15.f3 e5
16.h5 Bxe4 17.fxe4 Qg4 18.dxe5 dxe5 19.Qd1 Qxg2 20.Rh2 Qg1+ 21.Ke2 Qg4+ 22.Ke1 Qe6
23.Bg3 Nf6 24.Qc2 Ng4 25.Re2 Rf3 26.Bf2 Raf8 27.Rd1 Nxf2 28.Rd5 c6  0-1

[Event "TCh-ROU Superliga"]
[Site "Predeal ROU"]
[Date "2007.10.14"]
[Round "2"]
[White "Jianu,V"]
[Black "Burnoiu,N1"]
[Result "1/2-1/2"]
[WhiteElo "2535"]
[BlackElo "2385"]

1.d4 Nf6 2.c4 e6 3.Nf3 b6 4.Nc3 Bb7 5.Bg5 h6 6.Bh4 g5 7.Bg3 Nh5 8.e3 Nxg3
9.hxg3 Bg7 10.Qc2 Nc6 11.O-O-O Qe7 12.a3 g4 13.Nd2 O-O-O 14.Be2 h5 15.Nb3 Kb8
16.Kb1 f5 17.Ka2 h4 18.gxh4 Rxh4 19.Rhe1 Rhh8 20.Bf1 Qf7 21.Ka1 Rhf8 22.g3 Ne7
23.Nc1 d6 24.Nd3 c5 25.Nf4 e5 26.dxe5 dxe5 27.Nfd5 e4 28.Rd2 Nxd5 29.cxd5 Bxc3
30.Qxc3 Qf6 31.Qb3 Rd6  1/2-1/2

[Event "WJun Girls"]
[Site "Yerevan ARM"]
[Date "2007.10.15"]
[Round "12"]
[White "Guramishvili,S"]
[Black "Bokuchava,M"]
[Result "1/2-1/2"]
[WhiteElo "2307"]
[BlackElo "2130"]

1.d4 Nf6 2.c4 e6 3.Nf3 b6 4.Nc3 Bb7 5.Bg5 h6 6.Bh4 Be7 7.e3 Ne4 8.Nxe4 Bxe4
9.Bg3 O-O 10.a3 d6 11.Bd3 Bxd3 12.Qxd3 c5 13.Rd1 Nd7 14.O-O Nf6 15.dxc5 dxc5
16.Qc2 Qc8 17.Ne5 Qb7 18.f3 a6 19.Rd3 Rfd8 20.Rfd1 Rxd3 21.Rxd3 Rd8 22.Kf2 Nh5
23.Rxd8+ Bxd8 24.Qd2 Bf6 25.Nd3  1/2-1/2

[Event "TCh-FIN 2007-8"]
[Site "Finland FIN"]
[Date "2007.10.20"]
[Round "3"]
[White "Topi Hulmi,T"]
[Black "Salo,Ta"]
[Result "1/2-1/2"]
[WhiteElo "2277"]
[BlackElo "2311"]

1.d4 Nf6 2.c4 e6 3.Nf3 b6 4.Nc3 Bb4 5.Qc2 Bb7 6.e3 Ne4 7.Be2 O-O 8.O-O Bxc3
9.bxc3 f5 10.Nd2 Nxd2 11.Bxd2 d6 12.f3 Nd7 13.e4 f4 14.Kh1 Qh4 15.Rg1 Nf6
16.Be1 Qh6 17.g3 fxg3 18.Rxg3 Qe3 19.d5 Nh5 20.Rg2 Qh6 21.Bd2 Nf4 22.Rag1 e5
23.Qc1  1/2-1/2